[Event "TCh-CZE Div1 Zapad 2012-13"]
[Site "Czech Republic CZE"]
[Date "2013.03.17"]
[Round "9.2"]
[White "Rausis,I"]
[Black "Cernousek,L"]
[Result "1/2-1/2"]
[WhiteElo "2511"]
[BlackElo "2434"]

1.e4 c5 2.Nf3 d6 3.Bb5+ Nd7 4.O-O a6 5.Bd3 g6 6.c3 Bg7 7.Bc2 e5 8.d4 exd4
9.cxd4 cxd4 10.Nxd4 Ngf6 11.Nc3 O-O 12.Bf4 d5 13.exd5 Nb6 14.Nf3 Nbxd5 15.Nxd5 Nxd5
16.Be5 Bxe5 17.Nxe5 Be6 18.Bb3 Nf4 19.Bxe6 Nxe6 20.Qb3 Qc7 21.Rae1 Nd4 22.Qg3 Nc6
23.Qc3 Qd6 24.Nxc6 Qxc6 25.Qxc6 bxc6 26.Rc1 Rfb8 27.b3 Rb6 28.Rfd1 a5 29.Rd4 Rb4
30.Rdc4 Rab8 31.Rxc6 a4 32.Rc8+ Rxc8 33.Rxc8+ Kg7 34.Rc3 Rd4 35.Kf1 Rd2 36.a3 axb3
37.Rxb3 h5 38.h4 Ra2 39.Ke1 Ra1+ 40.Kd2 Ra2+ 41.Ke3 Kf6 42.g3 Ke5 43.Kf3 f6
44.Kg2 Kf5 45.Rf3+ Ke5 46.Kf1 g5 47.Kg2 gxh4 48.gxh4 f5 49.Rb3 Kf4 50.Rb4+ Ke5
51.Ra4 Rc2 52.Kg3 Rc3+ 53.f3 Rb3 54.Ra5+ Kf6 55.Kf4 Kg6 56.Ra6+ Kg7 57.a4 Rc3
58.a5 Ra3 59.Kxf5 Rxf3+ 60.Kg5 Rc3 61.Ra7+ Kg8 62.a6 Rc6 63.Kxh5 Rb6 64.Kg5 Rc6
65.h5 Rb6 66.Kf5 Rc6 67.Ke4 Rb6 68.Kd4 Rf6 69.Kc4 Rf4+ 70.Kd5 Rf6 71.Ke5 Rb6
72.Kf5 Rc6 73.Kg5 Rb6 74.h6 Kh8 75.Kh5 Rc6 76.Ra8+ Kh7 77.Kg5 Rb6 78.Ra7+ Kh8
79.Ra8+ Kh7 80.Kf5 Rc6 81.Ke5 Rb6 82.Ra7+ Kh8 83.Kd4 Rd6+ 84.Kc5 Rf6 85.Kc4 Rb6
86.Kd4 Rd6+ 87.Kc4 Rb6 88.Ra8+ Kh7 89.Kc5 Rf6 90.Kb5 Rf5+ 91.Kc6 Rf6+ 92.Kd7 Rb6
93.Kc7 Rf6 94.Ra7 Kh8 95.Ra8+ Kh7 96.Kd7 Rb6 97.Kc8 Rf6 98.Ra7+ Kh8 99.Kd8 Rd6+
100.Ke8 Rb6 101.Ke7 Rc6 102.Kf7 Rb6 103.Kf8 Rc6 104.Ke8 Rb6 105.Kd8 Rd6+
106.Kc7 Rf6 107.Kb7 Rf7+ 108.Kb6 Rf6+ 109.Kb5 Rf5+ 110.Kc4 Rf6  1/2-1/2

[Event "Bundesliga 2012-13"]
[Site "Solingen GER"]
[Date "2013.03.17"]
[Round "12"]
[White "Smeets,J"]
[Black "Yilmaz,M"]
[Result "1/2-1/2"]
[WhiteElo "2613"]
[BlackElo "2545"]

1.e4 c5 2.Nf3 d6 3.Bb5+ Bd7 4.Bxd7+ Qxd7 5.c4 Nf6 6.Nc3 g6 7.d4 cxd4 8.Nxd4 Bg7
9.f3 O-O 10.Be3 Nc6 11.O-O a6 12.Na4 Rab8 13.Nb6 Qd8 14.c5 Nd7 15.Nxc6 bxc6
16.Nxd7 Qxd7 17.Bd4 dxc5 18.Bxg7 Qxd1 19.Raxd1 Kxg7 20.Rf2 Rb4 21.Rc2 Rfb8
22.Rdd2 R8b5 23.b3 Kf6 24.Rd7 Ke6 25.Ra7 Ra5 26.Kf2 Rd4 27.Ke3 Rd1 28.Kf4 Rd3
29.h4 h5 30.b4 cxb4 31.Rxc6+ Rd6 32.Rcc7 Rd8 33.Rxe7+ Kd6 34.Rxf7 Rxa2 35.Rxa6+ Rxa6
36.Rf6+ Kc5 37.Rxa6 b3 38.Ra1 Rd2 39.Rb1 b2 40.g3 Kd4 41.Kg5 Rg2 42.Kxg6 Rxg3+
43.Kxh5 Kc3 44.f4 Kc2 45.Rh1 Rd3 46.f5 Rd1 47.Rh2+ Rd2 48.Rh1 Rd1 49.Rh2+  1/2-1/2

[Event "TCh-SUI 2013"]
[Site "Switzerland SUI"]
[Date "2013.03.17"]
[Round "1.2"]
[White "Miralles,G"]
[Black "Forster,Ri"]
[Result "0-1"]
[WhiteElo "2472"]
[BlackElo "2451"]

1.e4 c5 2.Nf3 d6 3.Bb5+ Bd7 4.Bxd7+ Qxd7 5.O-O Nf6 6.Qe2 Nc6 7.b3 g6 8.Bb2 Bg7
9.d4 Nh5 10.Rd1 Nf4 11.Qf1 Qg4 12.Na3 O-O 13.Rab1 cxd4 14.Nb5 Rac8 15.Rd2 Nh3+
16.Kh1 Ng5 17.Nxg5 Qxg5 18.Qe2 Qc5 19.a4 a6 20.Na3 d3 21.Qe3 Qxe3 22.fxe3 Bxb2
23.Rxb2 Nb4 24.Kg1 Rc3 25.cxd3 Nxd3 26.Rdc2 Rfc8 27.Nc4 Nxb2 28.Rxc3 b5  0-1

[Event "29th Spring Festival"]
[Site "Budapest HUN"]
[Date "2013.03.18"]
[Round "1.5"]
[White "Nagy,Ervin1"]
[Black "Marjanovics,Annamaria"]
[Result "1-0"]
[WhiteElo "2256"]
[BlackElo "1921"]

1.Nf3 c5 2.e4 d6 3.Bb5+ Bd7 4.Bxd7+ Qxd7 5.O-O Nc6 6.Re1 Nf6 7.b3 e6 8.Bb2 Be7
9.d4 cxd4 10.Nxd4 Nxd4 11.Qxd4 O-O 12.c4 b5 13.cxb5 Qxb5 14.Nc3 Qd7 15.Rad1 Rfd8
16.Re3 Rac8 17.Red3 Qb7 18.Qe3 Ng4 19.Qe2 Ne5 20.R3d2 a6 21.Na4 Ng6 22.g3 e5
23.Ba3 Qc6 24.Nb2 Rd7 25.Nc4 Rcd8 26.Rd5 f6 27.Na5 Qb6 28.Bc1 Ra8 29.Qc4 Kh8
30.Be3 Qd8 31.Qc6 Rc7 32.Bb6 Rxc6 33.Bxd8 Rc2 34.Bxe7 Nxe7 35.Rxd6 Rxa2 36.Rd8+ Rxd8
37.Rxd8+ Ng8 38.Nc6  1-0

[Event "3rd HD Bank Cup 2013"]
[Site "Ho Chi Minh City VIE"]
[Date "2013.03.19"]
[Round "1.11"]
[White "Lu Shanglei"]
[Black "Zhai Mo"]
[Result "1-0"]
[WhiteElo "2552"]
[BlackElo "2249"]

1.e4 c5 2.Nf3 d6 3.Bb5+ Nc6 4.O-O Bd7 5.Re1 Nf6 6.c3 Qb6 7.Ba4 e6 8.d4 cxd4
9.cxd4 d5 10.exd5 Nxd5 11.Nc3 Nxc3 12.bxc3 Be7 13.d5 exd5 14.c4 Be6 15.Be3 Qc7
16.cxd5 O-O-O 17.dxc6 Rxd1 18.cxb7+ Kxb7 19.Rexd1 Rc8 20.Nd4 Bd7 21.Rab1+ Ka8
22.Nb5 Bxb5 23.Bxb5 Rb8 24.Bf4 Qxf4 25.Bc6+ Rb7 26.Rxb7  1-0

[Event "3rd HD Bank Cup 2013"]
[Site "Ho Chi Minh City VIE"]
[Date "2013.03.19"]
[Round "2.48"]
[White "Ni,Shiqun"]
[Black "Tran,Thi Mong Thu"]
[Result "1-0"]
[WhiteElo "2204"]
[BlackElo "1841"]

1.e4 c5 2.Nf3 d6 3.Bb5+ Bd7 4.Bxd7+ Nxd7 5.O-O Ngf6 6.Qe2 g6 7.c3 Bg7 8.d4 cxd4
9.cxd4 O-O 10.Nc3 a6 11.Rd1 Re8 12.e5 Ng4 13.e6 Nh6 14.exd7 Qxd7 15.Nd5 Rab8
16.Bg5 f6 17.Bd2 Nf7 18.Rac1 e6 19.Nb6 Qe7 20.Rc2 Qd8 21.Ba5 Bh6 22.h3 d5
23.Qe1 Bf4 24.g3 Bh6 25.Rd3 Bf8 26.Rdc3 Nd6 27.Rc7 Nb5 28.Rd7 Bd6 29.Rxd8 Rbxd8
30.Nc8 Rd7 31.a4 Nxd4 32.Nxd4 Be5 33.Nf3 Bb8 34.Nb6  1-0

[Event "81st ch-St Petersburg w"]
[Site "St Petersburg RUS"]
[Date "2013.03.19"]
[Round "9"]
[White "Fedoseeva,V"]
[Black "Korchagina,V"]
[Result "0-1"]
[WhiteElo "1937"]
[BlackElo "2030"]

1.e4 c5 2.Nf3 d6 3.Bb5+ Nc6 4.Bxc6+ bxc6 5.O-O e5 6.d3 Be7 7.c3 f5 8.Nbd2 Nf6
9.Re1 O-O 10.Qb3+ Kh8 11.Ng5 Qe8 12.Ne6 Bxe6 13.Qxe6 Nd5 14.exd5 Rf6 15.Nc4 Rxe6
16.dxe6 Bf8 17.f4 e4 18.dxe4 Qxe6 19.Nd2 fxe4 20.Rxe4 Qf5 21.g3 d5 22.Re1 d4
23.Nf3 dxc3 24.bxc3 Qd3 25.Re3 Qd1+ 26.Kf2 Qc2+ 27.Bd2 c4 28.Re2 Bc5+ 29.Kf1 h6
30.Be1 Qf5 31.Ne5 Rb8 32.Nxc4 Qd5 33.Ne3 Qh1+ 34.Kf2 Bxe3+  0-1

[Event "81st ch-St Petersburg w"]
[Site "St Petersburg RUS"]
[Date "2013.03.21"]
[Round "11"]
[White "Belenkaya,D"]
[Black "Kiseleva,A"]
[Result "1-0"]
[WhiteElo "2181"]
[BlackElo "1975"]

1.e4 c5 2.Nf3 d6 3.Bb5+ Bd7 4.Bxd7+ Qxd7 5.O-O Nf6 6.e5 dxe5 7.Nxe5 Qc8 8.Na3 e6
9.b3 Be7 10.Bb2 O-O 11.Re1 Nbd7 12.Nac4 b5 13.Nxd7 Nxd7 14.Ne5 Nxe5 15.Bxe5 f6
16.Bb2 Qd7 17.Qg4 Qxd2 18.Qxe6+ Rf7 19.Rad1 Qxc2 20.Rd7 Re8 21.Bc1 a5 22.Bf4 Qxa2
23.Bd6 a4 24.Rxe7 Rxe7 25.Bxe7  1-0

[Event "81st ch-St Petersburg w"]
[Site "St Petersburg RUS"]
[Date "2013.03.21"]
[Round "11"]
[White "Fedoseeva,V"]
[Black "Chernyak,Viktoria"]
[Result "1/2-1/2"]
[WhiteElo "1937"]
[BlackElo "1968"]

1.e4 c5 2.Nf3 d6 3.Bb5+ Bd7 4.Bxd7+ Nxd7 5.b3 Ngf6 6.Qe2 g6 7.Bb2 Bg7 8.d3 O-O
9.Nbd2 Qc7 10.O-O Ne5 11.Nxe5 dxe5 12.Nc4 Nh5 13.Qd2 Nf4 14.Rae1 b5 15.Ne3 Qd7
16.f3 h5 17.g3 Ne6 18.Qg2 Nd4 19.Kh1 e6 20.f4 exf4 21.gxf4 Kh7 22.Rg1 Rg8
23.Ref1 Bh6 24.Rf2 a5 25.Qh3 f5 26.Bc1 a4 27.Nf1 axb3 28.axb3 Ra2 29.Be3 Nxc2
30.Bxc5 Nb4 31.Rxa2 Nxa2 32.Qg3 Qc7 33.b4 Bxf4 34.Qf3 Nc3 35.Ng3 Bxg3 36.Rxg3 f4
37.Rg5 Kh6 38.h4 e5 39.d4 exd4 40.Bxd4 Na2 41.Be5 Qf7 42.Bxf4 Kh7 43.Rc5 Rd8
44.Rc7 Rd7 45.Rxd7 Qxd7 46.Qb3 Nxb4 47.Qxb4 Qh3+  1/2-1/2

[Event "TCh-AUT 2012-13"]
[Site "St.Veit AUT"]
[Date "2013.03.21"]
[Round "8.6"]
[White "Breder,D"]
[Black "Postl,A"]
[Result "1-0"]
[WhiteElo "2438"]
[BlackElo "2259"]

1.e4 c5 2.Nf3 d6 3.Bb5+ Nd7 4.d4 Nf6 5.Nc3 cxd4 6.Qxd4 e5 7.Qd3 h6 8.Bc4 a6
9.a4 Qc7 10.Be3 Nc5 11.Bxc5 Qxc5 12.O-O Be7 13.Nd5 Nxd5 14.Bxd5 O-O 15.Rfb1 a5
16.Ra3 Rb8 17.Rc3 Qb6 18.Qc4 Bd8 19.Rb3 Qc7 20.Nd2 Bd7 21.Ra1 b6 22.Qxc7 Bxc7
23.Rc3 Rfc8 24.Nc4 Bxa4 25.Rxa4 b5 26.Rxa5 bxc4 27.Ra2 Bb6 28.Rxc4 Rxc4 29.Bxc4 Kf8
30.Kf1 g6 31.Bd5 Ke7 32.Ke2 f5 33.g3 f4 34.gxf4 exf4 35.Kf3 Kf6 36.c3 Ke5
37.h3 h5 38.Bf7 Kf6 39.Bc4 Ke5 40.Ra1 g5 41.Rg1 Bd8 42.b3 Rc8 43.Ra1 Bb6
44.Rg1 Bd8 45.Rd1 Rc5 46.Rd3 Ba5 47.b4 Rxc4 48.Rd5+ Ke6 49.bxa5 Rxc3+ 50.Kg2 Rc4
51.Rxg5 Rxe4 52.Rxh5 Ra4 53.Kf3 Ra2 54.h4 Kf6 55.Rb5 Ke6 56.h5 Kf6 57.Rd5 Kg7
58.Rf5 Kh6 59.Rb5 Kg7 60.Rd5 Kh7 61.Kxf4 Rxf2+ 62.Kg5 Re2 63.Kf6 Kh6 64.a6 Ra2
65.Rxd6 Kxh5 66.Ke7 Kg5 67.Kd8 Kf5 68.Kc7 Ke5 69.Rb6 Kd5 70.Kb7  1-0

[Event "3rd HD Bank Cup 2013"]
[Site "Ho Chi Minh City VIE"]
[Date "2013.03.22"]
[Round "6.8"]
[White "Zhou Weiqi"]
[Black "Wang Jue"]
[Result "1-0"]
[WhiteElo "2590"]
[BlackElo "2390"]

1.e4 c5 2.Nf3 d6 3.Bb5+ Nd7 4.d4 cxd4 5.Qxd4 a6 6.Bxd7+ Bxd7 7.O-O e5 8.Qd3 h6
9.c4 b5 10.Na3 Qb8 11.b3 Nf6 12.Nc2 Be7 13.Ba3 a5 14.Ne3 b4 15.Bb2 O-O 16.a4 bxa3
17.Bxa3 Re8 18.Nd2 Ra7 19.Rfb1 Rb7 20.Rb2 Rd8 21.Rba2 Bc6 22.h4 h5 23.Rc2 g6
24.Rc3 Qa7 25.g3 Bf8 26.Bc1 Bh6 27.Nd5 Ng4 28.c5 Rbd7 29.Nc4 Bxd5 30.exd5 e4
31.Qc2 Bxc1 32.Rxa5 Qb8 33.c6 Ra7 34.Qa2 e3 35.Rxa7 exf2+ 36.Kg2 Re8 37.Rf3 Re1
38.Rxf2 Nxf2 39.Ra8 Ne4 40.Rxb8+ Kg7 41.Re8  1-0

[Event "3rd HD Bank Cup 2013"]
[Site "Ho Chi Minh City VIE"]
[Date "2013.03.22"]
[Round "6.26"]
[White "Zhang Xiaowen"]
[Black "Chu Wei Chao"]
[Result "1/2-1/2"]
[WhiteElo "2376"]
[BlackElo "2243"]

1.e4 c5 2.Nf3 d6 3.Bb5+ Bd7 4.Bxd7+ Qxd7 5.O-O Nc6 6.d3 Nf6 7.d4 Nxe4 8.d5 Ne5
9.Re1 Nxf3+ 10.Qxf3 Nf6 11.c4 e5 12.dxe6 fxe6 13.Bg5 Be7 14.Nc3 h6 15.Bh4 O-O
16.Qh3 g5 17.Bg3 e5 18.Qxh6 Qf5 19.Nd1 Kf7 20.Ne3 Qg6 21.Qxg6+ Kxg6 22.f3 b5
23.cxb5 Rfb8 24.a4 a6 25.Nc4 axb5 26.axb5 Rxa1 27.Rxa1 Rxb5 28.Ra6 d5 29.Nxe5+ Kf5
30.Nc6 Ng8 31.Be5 Bf6 32.g4+ Kg6 33.h4 gxh4 34.f4 Bxe5 35.Nxe5+ Kg7 36.g5 Ne7
37.Ra7 Kf8 38.f5 Nxf5 39.Rf7+ Kg8 40.Rxf5 Rxb2 41.Nd7 c4 42.Nf6+ Kg7 43.Nxd5 Rb5
44.Ne3  1/2-1/2

[Event "25th Metropolitan IM"]
[Site "Los Angeles USA"]
[Date "2013.03.22"]
[Round "5"]
[White "Akopyan,H"]
[Black "Viswanadha,Kesav"]
[Result "0-1"]
[WhiteElo "2211"]
[BlackElo "2149"]

1.e4 c5 2.Nf3 d6 3.Bb5+ Nd7 4.O-O a6 5.Bd3 Ngf6 6.c3 b5 7.Bc2 e5 8.d4 Be7
9.Qe2 O-O 10.a4 Rb8 11.Rd1 Qc7 12.d5 Re8 13.h3 Nf8 14.b4 cxb4 15.axb5 b3
16.Bxb3 Rxb5 17.Nbd2 Bd7 18.Rxa6 Qxc3 19.Bc4 Ra5 20.Rb6 Raa8 21.Bb2 Qa5 22.Qe3 Reb8
23.Rxb8 Rxb8 24.Ra1 Qd8 25.Bc3 Ng6 26.Ra7 Ra8 27.Ba5 Qb8 28.Rxa8 Qxa8 29.Qb6 Ne8
30.Ba6 Kf8 31.Nc4 f5 32.exf5 Bxf5 33.Bb7 Qb8 34.Bb4 Bd3 35.Na5 Bd8 36.Nc6 Bxb6
37.Nxb8 Ke7 38.Nc6+ Kd7 39.Na5 Bxa5 40.Bc6+ Ke7 41.Bxa5 h6 42.g3 Nf6 43.Nd2 Be4
44.Nxe4 Nxe4 45.Kf1  0-1

[Event "ch-Moscow 2013"]
[Site "Moscow RUS"]
[Date "2013.03.22"]
[Round "1.9"]
[White "Apryshko,G"]
[Black "Oparin,G"]
[Result "1/2-1/2"]
[WhiteElo "2295"]
[BlackElo "2496"]

1.e4 c5 2.Nf3 d6 3.Bb5+ Nd7 4.c3 Nf6 5.Qe2 a6 6.Ba4 b5 7.Bc2 e6 8.O-O Bb7
9.d4 Be7 10.Bf4 Qc7 11.h3 Rc8 12.a4 bxa4 13.e5 Nd5 14.Bh2 cxd4 15.Nxd4 dxe5
16.Bxa4 O-O 17.Bxd7 Qxd7 18.Bxe5 f6 19.Bg3 e5 20.Nf3 Rfd8 21.Nbd2 Bc5 22.Rfd1 Bb6
23.Nc4 Qb5 24.Nfd2 Ne7 25.Qf1 Nf5 26.Nxb6 Qxb6 27.Nc4 Qc5 28.Rxd8+ Rxd8 29.Na5 Be4
30.Qc4+ Qxc4 31.Nxc4 Nxg3 32.fxg3 Rd3 33.Kf2 Bb7 34.Ra5 Kf8 35.Rc5 Ke7 36.Na5 Be4
37.Nb3 Rd1 38.Rc7+ Kd6 39.Ra7 Bd5 40.Rxa6+ Kc7 41.Ra7+ Kb6 42.Ra4 Bxb3 43.Rb4+ Kc5
44.Rxb3 Rd2+ 45.Kf3 f5 46.Rb7 g6 47.Rc7+ Kd6 48.Rxh7 e4+ 49.Kf4 Rf2+ 50.Kg5 Rxg2
51.Kxg6 Ke6 52.g4 e3 53.Kg5 e2 54.Rh6+ Kd7 55.Rh7+ Kd6 56.Rh6+ Kd7 57.Rh7+ Kd6
58.Rh6+ Kd5 59.c4+ Kxc4 60.Re6 fxg4 61.hxg4 Kd3 62.Rd6+ Ke3 63.Re6+ Kf2 64.Rf6+ Kg1
65.Re6 Kf1  1/2-1/2

[Event "TCh-CZE Extraliga 2012-13"]
[Site "Czech Republic CZE"]
[Date "2013.03.23"]
[Round "7.2"]
[White "Simacek,P"]
[Black "Wojtaszek,R"]
[Result "0-1"]
[WhiteElo "2486"]
[BlackElo "2734"]

1.e4 c5 2.Nf3 d6 3.Bb5+ Nd7 4.c3 Nf6 5.Qe2 a6 6.Ba4 e6 7.O-O Be7 8.d4 b5
9.Bc2 Bb7 10.Rd1 O-O 11.a4 cxd4 12.cxd4 Qb6 13.Bg5 h6 14.Bh4 Rfc8 15.Bd3 Nf8
16.axb5 axb5 17.Rxa8 Bxa8 18.Na3 Ng6 19.Bxf6 Bxf6 20.Bxb5 Rb8 21.g3 Nf8 22.Bd3 Be7
23.Nc4 Qb4 24.Ne3 Nd7 25.d5 Nc5 26.Bc2 Qxb2 27.Rb1 Qxb1+ 28.Bxb1 Rxb1+ 29.Kg2 Rb4
30.Qa2 Ra4 31.Qb1 Nxe4 32.Qb5 Nc5 33.Qe8+ Bf8 34.Nd4 Bxd5+ 35.Nxd5 exd5 36.Nf5 Re4
37.Qa8 d4 38.Nxd6 Re7 39.Nc4 d3 40.Qf3 Re4 41.Nb2 Rb4 42.Nd1 Rd4 43.Qa8 g6
44.h4 h5 45.Qe8 d2 46.Qe5 Ne6 47.f4 Bd6 48.Qb5 Ng7 49.Qa6 Nf5 50.Qa8+ Bf8
51.Qa6 Re4 52.Kf3 Re1 53.Qa4 Bc5 54.Qa8+ Kg7 55.Qa1+ Bd4 56.Qa4 Bf6 57.Kf2 Bd4+
58.Kf3 Rf1+ 59.Ke4 Nxg3+ 60.Kd3 Rxf4 61.Qa8 Rxh4 62.Kxd2 Nf5 63.Ke2 Rh2+
64.Kf3 Rd2 65.Qa4 h4 66.Kg4 Rxd1  0-1

[Event "TCh-CZE Extraliga 2012-13"]
[Site "Czech Republic CZE"]
[Date "2013.03.23"]
[Round "7.6"]
[White "Berzinsh,R"]
[Black "Juptner,J"]
[Result "1-0"]
[WhiteElo "2405"]
[BlackElo "2364"]

1.e4 c5 2.Nf3 d6 3.Bb5+ Nc6 4.O-O Bd7 5.Re1 Nf6 6.c3 a6 7.Bf1 Bg4 8.h3 Bh5
9.g4 Bg6 10.d4 cxd4 11.cxd4 e5 12.Nc3 Be7 13.Nd5 O-O 14.Nxe7+ Qxe7 15.d5 Nb8
16.Bg5 Nbd7 17.Nd2 Qe8 18.f3 h5 19.Qb3 hxg4 20.hxg4 b5 21.Rac1 Nc5 22.Qe3 Nfd7
23.b4 Na4 24.Rc6 f6 25.Bh4 Qb8 26.Rec1 Ndb6 27.Bf2 Nd7 28.Nb3 Rf7 29.Na5 Nf8
30.R1c2 Re7 31.Qc1 Re8 32.Be3 Nh7 33.Kg2 Nf8 34.Kg3 Bh7 35.Bh3 Ng6 36.g5 fxg5
37.Rc8  1-0

[Event "36th San Sebastian Open"]
[Site "Donostia ESP"]
[Date "2013.03.23"]
[Round "1.14"]
[White "Berdote Alonso,Carlos"]
[Black "Thomassen,J"]
[Result "1/2-1/2"]
[WhiteElo "1782"]
[BlackElo "2394"]

1.e4 c5 2.Nf3 d6 3.Bb5+ Nc6 4.h3 Bd7 5.d4 cxd4 6.Nxd4 Nf6 7.Nc3 g6 8.Be3 Bg7
9.Qd2 Ne5 10.f4 Nc6 11.O-O O-O 12.Rad1 Nxd4 13.Bxd4 Nxe4 14.Nxe4 Bxb5 15.Bxg7 Kxg7
16.Qd4+ Kg8 17.Rfe1 Bc6 18.Ng3 Re8 19.Kh2 Qb6 20.f5 Qxd4 21.Rxd4 Rad8 22.h4 e6
23.f6 e5 24.Rd2 Re6 25.Ne4 Bxe4 26.Rxe4 Rxf6 27.Rxe5 dxe5 28.Rxd8+ Kg7 29.Rd7 Rf2
30.Rxb7 Rxc2 31.Rxa7 Rxb2 32.a4 h5 33.a5 Ra2 34.Kg3 Kf6 35.Ra6+ Kf5 36.Ra7 f6
37.Ra8 Ke4 38.Rg8 f5 39.Rxg6 f4+ 40.Kh3 Ra1 41.Kh2 Ke3 42.Rg5 e4 43.Rxh5 Kf2
44.Rf5 f3 45.h5 Rg1 46.gxf3 e3 47.Re5 Rc1 48.a6 Ra1 49.Re6 Ra5 50.Kh3 Rxh5+
51.Kg4 Ra5 52.f4 e2 53.f5 Rxa6 54.Re8 Ra3 55.f6 Rf3 56.Kg5 e1=Q 57.Rxe1 Kxe1
58.Kg6 Rxf6+ 59.Kxf6  1/2-1/2

[Event "3rd HD Bank Cup 2013"]
[Site "Ho Chi Minh City VIE"]
[Date "2013.03.23"]
[Round "8.6"]
[White "Zhou Weiqi"]
[Black "Nguyen Duc Hoa"]
[Result "1-0"]
[WhiteElo "2590"]
[BlackElo "2492"]

1.e4 c5 2.Nf3 d6 3.Bb5+ Bd7 4.Bxd7+ Qxd7 5.O-O Nf6 6.Re1 e6 7.c4 Be7 8.d4 cxd4
9.Nxd4 O-O 10.Nc3 Rc8 11.b3 Nc6 12.Ba3 a6 13.Nxc6 Rxc6 14.e5 Ne8 15.exd6 Nxd6
16.c5 Bf6 17.Rc1 Rd8 18.Nd5 Ne8 19.Nxf6+ Nxf6 20.Qf3 Qc7 21.b4 Rd2 22.Rcd1 Rxd1
23.Rxd1 Nd5 24.Bb2 f6 25.Qe4 Qf7 26.f4 Qh5 27.Rd2 g6 28.a4 Qf5 29.Qxf5 gxf5
30.Ba3 Rc8 31.g3 Kf7 32.Rd3 Ke8 33.Kg2 Kd7 34.Kh3 Rg8 35.Kh4 Rg4+ 36.Kh5 Rg6
37.b5 axb5 38.axb5 Kc8 39.h3 Nc7 40.c6 Nxb5 41.cxb7+ Kxb7 42.g4 fxg4 43.hxg4 Kc6
44.Be7 f5 45.g5 Nc7 46.Bf6 Nd5 47.Be5 Kc5 48.Ra3 Kc4 49.Ra7 Ne3 50.Rxh7 Rg8
51.Rh8 Rxh8+ 52.Bxh8 e5 53.g6 Nd5 54.Bxe5 Ne7 55.Kg5 Kd5 56.Kf6  1-0

[Event "25th Metropolitan IM"]
[Site "Los Angeles USA"]
[Date "2013.03.23"]
[Round "7"]
[White "Amanov,Z"]
[Black "Akopyan,H"]
[Result "1-0"]
[WhiteElo "2399"]
[BlackElo "2211"]

1.e4 c5 2.Nf3 d6 3.Bb5+ Nc6 4.O-O Bd7 5.c3 Nf6 6.Re1 a6 7.Ba4 b5 8.Bc2 Bg4
9.h3 Bxf3 10.Qxf3 g6 11.d3 Bg7 12.Nd2 O-O 13.Nf1 Nd7 14.a3 a5 15.Bd2 Rb8
16.Qg3 e5 17.Ne3 Nf6 18.Bb3 Kh8 19.Qh4 Qd7 20.Ng4 Nh5 21.Nh6 Nf4 22.Bxf4 exf4
23.Qxf4 c4 24.dxc4 bxc4 25.Ba4 Rxb2 26.Rad1 Qa7 27.Ng4 Ne5 28.Nxe5 Bxe5 29.Qe3 Qxe3
30.Rxe3 Rc8 31.Bd7 Rc7 32.Be8 Rb3 33.a4 Rxc3 34.Rxc3 Bxc3 35.Rc1 Bd2 36.Rc2 c3
37.Bb5 Kg7 38.Kf1 Kf6 39.Ke2 Ke5 40.Kd3 f5 41.exf5 gxf5 42.g3 f4 43.gxf4+ Kxf4
44.Ra2 Kf3 45.Ra1 Kxf2 46.h4 Rg7 47.h5 Rg3+ 48.Kc2 Rh3 49.Rf1+ Ke3 50.Rf5 Ke4
51.Rf7 h6 52.Be2 Rh2 53.Re7+ Kd4 54.Kd1 Be3  1-0

[Event "ch-Moscow 2013"]
[Site "Moscow RUS"]
[Date "2013.03.24"]
[Round "3.4"]
[White "Stukopin,A"]
[Black "Gordievsky,D"]
[Result "1-0"]
[WhiteElo "2500"]
[BlackElo "2443"]

1.e4 c5 2.Nf3 d6 3.Bb5+ Nc6 4.O-O Bd7 5.c3 Nf6 6.Re1 a6 7.Ba4 b5 8.Bc2 Bg4
9.h3 Bxf3 10.Qxf3 g6 11.a4 Rb8 12.axb5 axb5 13.d3 Bg7 14.Be3 O-O 15.Qd1 Qc7
16.f4 b4 17.Ba4 Nd7 18.Qc2 bxc3 19.bxc3 Nb4 20.Qd2 Nb6 21.Bb5 N6d5 22.exd5 Rxb5
23.Na3 Rbb8 24.cxb4 Bxa1 25.Rxa1 Rxb4 26.Nc2 Rb3 27.f5 Qb7 28.Bh6 Rb8 29.Ne3 Rb1+
30.Rxb1 Qxb1+ 31.Kh2 Qb2 32.Qxb2 Rxb2 33.f6 exf6 34.Ng4 Rb3 35.Nxf6+ Kh8
36.Bf8 Rxd3 37.Bxd6 c4 38.Be5 Kg7 39.d6 Kf8 40.Nd7+ Ke8 41.Nc5 Rd5 42.d7+ Ke7
43.Bc7 c3 44.d8=Q+ Rxd8 45.Bxd8+ Kxd8 46.Kg3 c2 47.Nb3 Ke7 48.Kf4 Kf6 49.Nc1 g5+
50.Ke4 Kg6 51.Ne2 f5+ 52.Kd3 f4 53.Kxc2 g4 54.Kd3 Kf5 55.h4 g3 56.Ng1 Kg4
57.Nf3 h5 58.Kd4 Kf5 59.Ne5 f3 60.Nxf3 Kg4 61.Ke3 Kf5 62.Nd2 Kg4 63.Nf1 Kxh4
64.Ke4  1-0

[Event "TCh-AUT 2012-13"]
[Site "St.Veit AUT"]
[Date "2013.03.24"]
[Round "11.1"]
[White "Baramidze,D"]
[Black "Volokitin,And"]
[Result "1-0"]
[WhiteElo "2615"]
[BlackElo "2722"]

1.e4 c5 2.Nf3 d6 3.Bb5+ Nd7 4.c3 Nf6 5.Qe2 Qc7 6.O-O a6 7.Ba4 c4 8.Bc2 e6
9.b3 b5 10.Na3 Nb6 11.d4 d5 12.exd5 Nfxd5 13.bxc4 bxc4 14.Ne5 Bd6 15.Naxc4 Nxc4
16.Nxc4 Bxh2+ 17.Kh1 O-O 18.g3 Bxg3 19.fxg3 Qxg3 20.Rg1 Qh3+ 21.Qh2 Qf3+
22.Rg2 g6 23.Bh6 Qxc3 24.Rag1 Qxc4 25.Qe5 f6 26.Bxg6 hxg6 27.Rxg6+ Kf7 28.Qd6 Qb4
29.Rxf6+ Kxf6 30.Rf1+ Kg6 31.Qg3+ Kxh6 32.Rg1 Nf4 33.Qg5+  1-0

[Event "29th Spring Festival"]
[Site "Budapest HUN"]
[Date "2013.03.25"]
[Round "7.9"]
[White "Bodrogi,M"]
[Black "Letay,G"]
[Result "1/2-1/2"]
[WhiteElo "2076"]
[BlackElo "1967"]

1.e4 c5 2.Nf3 d6 3.Bb5+ Nc6 4.O-O Bd7 5.d3 g6 6.Bxc6 Bxc6 7.e5 Bxf3 8.Qxf3 dxe5
9.Qxb7 Qc8 10.Qb5+ Qd7 11.Qxd7+ Kxd7 12.Be3 e6 13.Nd2 Nf6  1/2-1/2

[Event "44th Marcel Duchamp"]
[Site "Buenos Aires ARG"]
[Date "2013.03.25"]
[Round "4.13"]
[White "Rosito,J"]
[Black "Fernandez,Maria"]
[Result "1/2-1/2"]
[WhiteElo "2393"]
[BlackElo "2180"]

1.e4 c5 2.Nf3 d6 3.Bb5+ Bd7 4.Bxd7+ Qxd7 5.O-O Nc6 6.Qe2 g6 7.c3 Bg7 8.Rd1 Nf6
9.d4 cxd4 10.cxd4 O-O 11.Nc3 d5 12.e5 Ne8 13.Be3 Nc7 14.Ne1 f6 15.f4 Bh6
16.exf6 exf6 17.Qf3 Qf7 18.Rac1 Ne7 19.Nd3 Nf5 20.Bf2 Rad8 21.Rc2  1/2-1/2

[Event "ch-Moscow w 2013"]
[Site "Moscow RUS"]
[Date "2013.03.25"]
[Round "4.7"]
[White "Rodionova,Polina"]
[Black "Utiatskaja,Irina"]
[Result "0-1"]
[WhiteElo "2105"]
[BlackElo "2024"]

1.e4 c5 2.Nf3 d6 3.Bb5+ Nc6 4.Bxc6+ bxc6 5.O-O e5 6.c3 Nf6 7.Re1 Be7 8.d4 cxd4
9.cxd4 Nd7 10.Qc2 Bb7 11.b3 O-O 12.Bb2 Qc7 13.Nc3 Rac8 14.Ne2 Rfe8 15.Ng3 g6
16.h4 Bf6 17.Rad1 Bg7 18.h5 Qb8 19.Qd2 h6 20.Nh4 Nf8 21.f4 exf4 22.Qxf4 d5
23.Qxb8 Rxb8 24.e5 Bc8 25.Ba3 Kh7 26.Rc1 Ne6 27.Ne2 Ba6 28.Nf3 Rbc8 29.hxg6+ fxg6
30.g3 Bf8 31.Bxf8 Rxf8 32.Rc3 Kg7 33.Nc1 c5 34.dxc5 d4 35.Nxd4 Nxd4 36.Ree3 Nf5
37.Re1 Nd4 38.Ree3 Rcd8 39.b4 Bb5 40.g4 Nc6 41.a3 Rd1+ 42.Kg2 Rd2+ 43.Kg3 Rff2
44.Nd3 Rg2+ 45.Kf4 Nd4 46.Ke4 Rxg4+ 47.Kd5 Nf5 48.Re4 Bc6+ 49.Kxc6 Rxe4 50.Kb7 Nd4
51.c6 Nxc6 52.Nc5 Nd8+ 53.Kxa7 Rxe5 54.b5 Re7+ 55.Ka6 Ne6 56.Nxe6+ Rxe6+
57.b6 Rb2 58.Rc7+ Kf6 59.Rb7 Ra2  0-1

[Event "Pobeskydi Open 2013"]
[Site "Frydek-Mistek CZE"]
[Date "2013.03.28"]
[Round "2"]
[White "Borek,P"]
[Black "Marikova,J"]
[Result "0-1"]
[WhiteElo "1918"]
[BlackElo "1980"]

1.e4 c5 2.Nf3 d6 3.Bb5+ Bd7 4.Bxd7+ Qxd7 5.O-O Nc6 6.Re1 e6 7.c3 Nf6 8.d4 cxd4
9.cxd4 Be7 10.d5 Ne5 11.dxe6 Nxf3+ 12.Qxf3 fxe6 13.Nc3 O-O 14.Qe2 Rac8 15.Be3 b6
16.Rad1 Qb7 17.Bg5 Rc5 18.Bh4 Nh5 19.Qg4 Bxh4 20.Qxh4 Qf7 21.f3 Nf4 22.Rd2 Rh5
23.Qf2 Qg6 24.Kh1 Qh6 25.g3 Ng6 26.Ree2 Ne5 27.f4 g5 28.Qg2 gxf4 29.gxf4+ Ng6
30.Qg4 Kh8 31.Qxe6 Qxf4 32.Rd1 Qf3+ 33.Rg2 Nh4 34.Rg1 Nxg2 35.Rxg2 Rg5  0-1

[Event "40th La Roda Open"]
[Site "La Roda ESP"]
[Date "2013.03.28"]
[Round "2.16"]
[White "Munoz Pantoja,M"]
[Black "Donado Mazarron Gomez,M"]
[Result "1-0"]
[WhiteElo "2483"]
[BlackElo "2098"]

1.e4 c5 2.Nf3 d6 3.Bb5+ Nd7 4.c4 Nf6 5.Nc3 g6 6.d4 cxd4 7.Nxd4 Bg7 8.O-O O-O
9.Bxd7 Bxd7 10.b3 a6 11.a4 b5 12.axb5 axb5 13.Rxa8 Qxa8 14.Ndxb5 Nxe4 15.Nd5 Bxb5
16.Nxe7+ Kh8 17.cxb5 Qb7 18.Nd5 Qxb5 19.Be3 Nc5 20.b4 Nd3 21.Qb3 Nc5 22.Qa2 Nd3
23.Rd1 Nb2 24.Rc1 Nd3 25.Qc4 Qxc4 26.Rxc4 Rb8 27.Ba7 Ra8 28.Rc7 Re8 29.g3 h5
30.b5 Re1+ 31.Kg2 Re2 32.Rxf7 Rb2 33.Rxg7 Rxb5 34.Nc3 Ne1+ 35.Kf1 Kxg7 36.Nxb5 Nf3
37.h4 g5 38.hxg5 Kg6 39.Be3 h4 40.Nd4  1-0

[Event "ch-Moscow 2013"]
[Site "Moscow RUS"]
[Date "2013.03.28"]
[Round "6.9"]
[White "Dvalishvili,P"]
[Black "Antipov,M2"]
[Result "1/2-1/2"]
[WhiteElo "2413"]
[BlackElo "2473"]

1.e4 c5 2.Nf3 d6 3.Bb5+ Nd7 4.c3 a6 5.Ba4 b5 6.Bc2 Ngf6 7.d4 Bb7 8.Nbd2 e5
9.O-O Be7 10.a4 O-O 11.Qe2 Qc7 12.d5 c4 13.Rd1 Rfe8 14.Nf1 Bf8 15.h3 h5 16.Be3 g6
17.N1d2 Nc5 18.Ra3 Nfd7 19.Rda1 Nb6 20.axb5 axb5 21.Nb1 Nba4 22.R1a2 Ba6
23.Qd1 Reb8 24.Nfd2 Bb7 25.Qe2 Ra6 26.f3 Rba8 27.Qf2 Bc8 28.f4 exf4 29.Qxf4 Bg7
30.Qf2 Nd7 31.Nf3 Ne5 32.Nxe5 dxe5 33.b4 cxb3 34.Rxb3 Bd7 35.Bd3 Bf8 36.Bxb5 Bxb5
37.Rxb5 Nxc3 38.Nxc3 Qxc3 39.Rb7 f6 40.Rxa6 Rxa6 41.Kh2 Qc8 42.Rb2 f5 43.Rc2 Qd7
44.Qe2 Rf6 45.Bg5 Rf7 46.Rc6 Kh7 47.Re6 Qa4 48.exf5 Rxf5 49.Be3 e4 50.Qe1 Qd7
51.Qg3 Qf7 52.Rxe4 Rxd5 53.Bf4 Rd1 54.Qf3 Rd7 55.Qe3 Qf5 56.Re5 Qb1 57.Re8 Qf5
58.Qe5 Qxe5  1/2-1/2

[Event "7th Philadelphia Open"]
[Site "Philadelphia USA"]
[Date "2013.03.28"]
[Round "2"]
[White "Van Kampen,R"]
[Black "Cheng,Bi"]
[Result "1-0"]
[WhiteElo "2592"]
[BlackElo "2409"]

1.e4 c5 2.Nf3 d6 3.Bb5+ Nd7 4.c3 Nf6 5.Qe2 a6 6.Ba4 e5 7.O-O Be7 8.d4 O-O
9.Rd1 Qc7 10.dxe5 dxe5 11.c4 b5 12.cxb5 Nb6 13.b3 Be6 14.Bb2 Nfd7 15.Nc3 c4
16.Rac1 Qb8 17.Nd5 Bd6 18.bxa6 Nc5 19.Bb5 Bxd5 20.exd5 e4 21.Ng5 Bxh2+ 22.Kh1 Bf4
23.Nxe4 Bxc1 24.Rxc1 Nd3 25.bxc4 Nxc1 26.Nf6+ Kh8 27.Qe4  1-0